Guernsey's commercial property market is firing on all cylinders. (Record no. 60608)

MARC details
000 -LEADER
fixed length control field 00720cam a2200169 4500
001 - CONTROL NUMBER
control field ABS60930
008 - FIXED-LENGTH DATA ELEMENTS--GENERAL INFORMATION
fixed length control field 000000n1999 000 0 eng u
035 ## - SYSTEM CONTROL NUMBER
System control number (Sirsi) u101475
100 ## - MAIN ENTRY--PERSONAL NAME
Personal name Knapman, G.
245 ## - TITLE STATEMENT
Title Guernsey's commercial property market is firing on all cylinders.
260 ## - PUBLICATION, DISTRIBUTION, ETC.
Date of publication, distribution, etc. 1999
490 ## - SERIES STATEMENT
Series statement Property Forecast
Volume/sequential designation 2(7) July 1999, 9+11(2)
520 ## - SUMMARY, ETC.
Summary, etc. An overview of the commercial property market in Guernsey. Considers the impact of judicial and fiscal autonomy on the market and gives a brief assessment of the office and retail markets. Examples of rental levels and investment yields.
650 ## - SUBJECT ADDED ENTRY--TOPICAL TERM
Topical term or geographic name entry element GUERNSEY
690 ## - LOCAL SUBJECT ADDED ENTRY--TOPICAL TERM (OCLC, RLIN)
Topical term or geographic name as entry element PROPERTY-COMMERCIAL PROPERTY-COMMERCIAL PROPERTY MARKET
942 ## - ADDED ENTRY ELEMENTS (KOHA)
Suppress in OPAC 0
Holdings
Withdrawn status Lost status Source of classification or shelving scheme Damaged status Not for loan Home library Current library Shelving location Date acquired Total Checkouts Full call number Barcode Date last seen Copy number Price effective from Koha item type
    Dewey Decimal Classification     London London Journal article 05/11/1999   ABS60930 101475-1001 06/08/2019 1 06/08/2019 Journal article